| 000 | 00663nam a2200217I 4500 | ||
|---|---|---|---|
| 999 |
_c10641 _d10641 |
||
| 001 | 702245 | ||
| 003 | OSt | ||
| 005 | 20210301151858.0 | ||
| 008 | 730927|1966||||||| |||| ||eng|c | ||
| 040 |
_aCooperative Coll Lib Ctr,Atlanta _cDDC |
||
| 050 | _bEL47M | ||
| 082 | _bEL47M | ||
| 090 |
_aBS2665.3 _b.E11 |
||
| 100 | 1 |
_aEllison, H. L. _q(Henry Leopold), _d1903- |
|
| 245 | 1 | 4 |
_aThe mystery of Israel: _ban exposition of Romans 9-11, _cby H.L. Ellison |
| 260 |
_aGrand Rapids, _bEerdmans _c[1966] |
||
| 300 |
_a96 p. _c21 cm |
||
| 504 | _aIncludes bibliographical references | ||
| 630 | 0 | 0 |
_aBible. _pNew Testament _pRomans IX-XI _xCommentaries |
| 942 |
_2ddc _cBK |
||